| 000 | 01689cam a22003011 4500 | ||
|---|---|---|---|
| 001 | gs 06001287 | ||
| 003 | DLC | ||
| 005 | 20260227111305.0 | ||
| 008 | 871112s1855 dcu 000 0 eng c | ||
| 010 | _ags 06001287 | ||
| 035 | _a(OCoLC)16971612 | ||
| 040 |
_aLibrary, U.S. Geol. Survey _cCU-BANC _dCU-BANC _dDLC |
||
| 043 | _an-us-ca | ||
| 050 | 0 | 0 |
_aQE747.C2 _bB6 |
| 100 | 1 |
_aBlake, William P. _q(William Phipps), _d1826-1910. |
|
| 245 | 1 | 0 | _aDescription of the fossils and shells collected in California by William P. Blake, geologist of the United States Pacific Railroad Survey in California, under the command of Lieut. R.S. Williamson, in 1853-54. |
| 260 |
_aWashington, _c1855. |
||
| 300 |
_a34 p. _c23 cm. |
||
| 500 | _aCover-title. | ||
| 500 | _aRunning title: H. doc. 129. | ||
| 500 | _aHalf-title: Explorations and surveys for a railroad route from the Mississippi River to the Pacific Ocean.--War Department. Appendix to the preliminary geological report of William P. Blake ... Palaeontology. | ||
| 505 | 0 | _aReport of T.A. Conrad on the fossil shells collected in California by W.P. Blake.--Catalogue of shells collected in California by W.P. Blake, with descriptions of the new species, by A.A. Gould.--Notes upon silicified plants found fossil in California, by W.P. Blake, with a letter from Prof. J.W. Bailey.--Notice of the fossil fishes found in California by Wm. P. Blake, by L. Agassiz. | |
| 650 | 0 |
_aPaleontology _zCalifornia. |
|
| 700 | 1 |
_aConrad, T. A. _q(Timothy Abbott), _d1803-1877. |
|
| 700 | 1 |
_aGould, Augustus A. _q(Augustus Addison), _d1805-1866. |
|
| 700 | 1 |
_aAgassiz, Louis, _d1807-1873. |
|
| 710 | 1 |
_aUnited States. _bArmy. _bCorps of Engineers. |
|
| 999 |
_c24532 _d24532 |
||